00852nam a2200205 a 450000100100000000500170001000800410002704000250006808200190009324500310011226000570014330000270020059000750022759000270030265000300032965000430035991000370040295201900043999900170062900003318720251126130823.0110818s1974 dr a 000 0 spa d aDO-SdBNPbspacBNPHU a320.531bC933s00aCristianismo y socialismo. aSanto Domingo :bEdiciones Fe y Revolución,c1974. a60 p. :bil. ;c23 cm. aPerteneció a la biblioteca personal de Juan Isidro Jimenes Grullón aInventariado, 2018/ YL 0aSocialismo cristiano9989 4aSocialismo e iglesia católica958826 aValidado. Control de calidad MFF 0010718PDaPDbPDcHDd2011-08-18iLF1l0o320.531 C933sp33187-10r2020-06-25w2020-06-25yLFPDzPerteneció a la biblioteca personal de Juan Isidro Jimenes Grullón.ZNo se presta c32678d32678